LEADER 01682nam a2200241 4500 001 000000332661 003 CaOOAMICUS 005 20231004123732.0 008 190304s1742 fr 000 u fre r 040 $aSeMil$bita 100 1 $aNicole, Pierre,$d<1625-1695>.$0(OLS)http://semarc/name/12404 245 00$aInstructions théologiques et morales sur les sacremens. Par feu monsieur Nicole. Tome 1. [-2.]. 250 $aNouvelle edition 264 1$aA Paris :$bChez Guillaume Desprez, imprimeur & libraire ordinaire du Roi et P. G. Cavalier fils, libraire, rue S. Jacques, a S. Prosper & aux trois Vertus,$c1742. 300 $a2 v. ;$c12° 500 $aMarca non controllata sui front 500 $aIniziali e fregi xilogr. 700 1 $aDesprez, Guillaume $n<1.,$cEditore>.$0(OLS)http://semarc/name/82066 774 0 $aNicole, Pierre <1625-1695>$tTome 1.$dA Paris : Chez Guillaume Desprez, imprimeur & libraire ordinaire du Roi et P. G. Cavalier fils, libraire, rue S. Jacques, a S. Prosper & aux trois Vertus, 1742.$bNouvelle edition$g1$w()332662 774 0 $aNicole, Pierre <1625-1695>$tTome 2.$dA Paris : Chez Guillaume Desprez, imprimeur & libraire ordinaire du Roi et P. G. Cavalier fils, libraire, rue S. Jacques, a S. Prosper & aux trois Vertus, 1742.$bNouvelle edition$g2$w()332663 996 $6245$aInstructions théologiques et morales sur les sacremens. Par feu monsieur Nicole. Tome 1. [-2.]$9(OLS)http://semarc/title/421687 996 $6264$aA Paris :$bChez Guillaume Desprez, imprimeur & libraire ordinaire du Roi et P. G. Cavalier fils, libraire, rue S. Jacques, a S. Prosper & aux trois Vertus$9(OLS)http://semarc/publisher/58104 LEADER 01930nam a2200361 i 4500 001 000000339252 003 CaOOAMICUS 005 20240523135550.0 008 200205s2013 it u000 u mul u 013 $a200125 020 $a978-88-8402-853-2 040 $aSeMil$bita 100 1 $aAlighieri, Dante,$d<1265-1321>.$0(OLS)http://semarc/name/453 240 10$aMonarchia.$0(OLS)http://semarc/title/428050 245 13$a4: Monarchia /$cDante Alighieri ; a cura di Paolo Chiesa e Andrea Tabarroni ; con la collaborazione di Diego Ellero. 264 1$aRoma :$bSalerno,$c2013. 300 $aCLII, 594 ;$c25 cm 500 $aTraduzione italiana a fronte 505 00$aIn appendice: Determinatio compendiosa de iurisdictione imperii, di Tolomeo da Lucca; De reprobatione Monarchie composite a Dante, Adbreviatio expositionis decretalis Domini pape Bonifacii octavi, di Guido Vernani; In Monarchiam Dantis commmentarium, di Cola di Rienzo; La Monarchia di Dante, di Marsilio Ficino 700 1 $aVernani, Guido.$0(OLS)http://semarc/name/110893 700 0 $aCola : di Rienzo,$d<1313-1354>.$0(OLS)http://semarc/name/110892 700 1 $aEllero, Diego.$0(OLS)http://semarc/name/110890 700 1 $aChiesa, Paolo,$d<1956- >.$0(OLS)http://semarc/name/3777 700 1 $aFicino, Marsilio,$d<1433-1499>.$0(OLS)http://semarc/name/794 700 1 $aTabarroni, Andrea,$d<1965- >.$0(OLS)http://semarc/name/110889 700 0 $aTolomeo : da Lucca.$0(OLS)http://semarc/name/110891 773 0 $aAlighieri, Dante <1265-1321>$tOpere.$dRoma : Salerno, 2012-2023.$g4$w()339013 850 $aSeMil 852 $aSeMil$W1$xVenegono$y1$mSL1.C V 4$j225954$B230362$CSeMilBibl$Z2$F230362 $8I 996 $6020$a978-88-8402-853-2$9(OLS)http://semarc/number/289834 996 $6245$a4: Monarchia$9(OLS)http://semarc/title/428051 996 $6264$aRoma :$bSalerno$9(OLS)http://semarc/publisher/30165